[Event "Madrid Alcorcon op 1st"]
[Site "Madrid"]
[Date "2022.12.26"]
[Round "1"]
[White "Sanchez Pablo, Jorge"]
[Black "Adan Bermudez, Sergio"]
[Result "0-1"]
[WhiteElo "1628"]
[BlackElo "2350"]
[PlyCount "52"]
[EventDate "2022.12.26"]
[EventType "swiss"]
[EventRounds "9"]
[EventCountry "ESP"]
[SourceTitle "CBM 212 Extra"]
[Source "ChessBase"]
[SourceDate "2023.03.31"]
[SourceVersion "1"]
[SourceVersionDate "2023.03.31"]
[SourceQuality "1"]

1. d4 Nf6 2. Bf4 c6 3. e3 Qb6 4. Qc1 Nh5 5. c3 Nxf4 6. exf4 c5 7. dxc5 Qxc5 8. Nf3 b6 9. Nbd2 Bb7 10. Bd3 Qc7 11. g3 Na6 12. 0-0 Nc5 13. Bc2 g6 14. Re1 Bg7 15. Qd1 e6 16. b4 Na6 17. Rc1 Bxc3 18. Be4 d5 19. Bxd5 Bxd5 20. Qa4+ Qd7 21. Qxa6 Bxf3 22. Rxc3 Qxd2 23. Rec1 0-0 24. Qa3 Bb7 25. Rd3 Qe2 26. b5 Rad8 0-1

[Event "La Roda op 48th"]
[Site "La Roda"]
[Date "2022.04.13"]
[Round "1"]
[White "Bernal Moro, Luis Javier"]
[Black "Sanchez Pablo, Jorge"]
[Result "1-0"]
[WhiteElo "2415"]
[BlackElo "1782"]
[PlyCount "75"]
[EventDate "2022.04.13"]
[EventType "swiss"]
[EventRounds "9"]
[EventCountry "ESP"]
[SourceTitle "CBM 207 Extra"]
[Source "ChessBase"]
[SourceDate "2022.05.31"]
[SourceVersion "1"]
[SourceVersionDate "2022.05.31"]
[SourceQuality "1"]

1. c4 Nf6 2. Nc3 d5 3. cxd5 Nxd5 4. g3 c6 5. Nf3 e6 6. Bg2 Nd7 7. 0-0 Be7 8. d4 0-0 9. e4 Nxc3 10. bxc3 Qa5 11. Qc2 Rd8 12. Bf4 Nf8 13. c4 Ng6 14. Bd2 Bb4 15. Bxb4 Qxb4 16. h4 Qe7 17. h5 Nf8 18. h6 g6 19. Rad1 Qf6 20. e5 Qe7 21. Rfe1 Bd7 22. Qc1 Be8 23. Ng5 Rac8 24. Ne4 Nd7 25. c5 Rc7 26. Qe3 Nf8 27. a4 a6 28. Rb1 Kh8 29. Nd6 Rdd7 30. Qf4 Rd8 31. Rb3 Kg8 32. Reb1 g5 33. Qe3 f6 34. Rxb7 Rdd7 35. Rxc7 Rxc7 36. exf6 Qd8 37. Qxg5+ Bg6 38. f7+ 1-0